000
00333 a2200145 4500
001
163407
020
_a
040
_c
Magnum
100
_a
Canedo, Leticia Bicalho
240
1
0
_a
A classe operaria vai ao sindicato
_l
por
245
1
0
_a
A classe operaria vai ao sindicato
362
0
_a
1899
697
_a
PARADIDATICO
942
_c
BK
999
_c
163407
_d
163407